| 000 | 01013nam a2200229Ia 4500 | ||
|---|---|---|---|
| 003 | OSt | ||
| 005 | 20251126161037.0 | ||
| 008 | 210719s2009 xx 000 0 und d | ||
| 040 | _cAL | ||
| 041 | _akannada | ||
| 082 | _a915.487K KARP | ||
| 100 |
_aKARNATAKA SARAKARA, PRACHYAVASTU SANGRAHALAYAGALU MATTU PARAMPARE ILAKHE _9141849 _d ಕರ್ನಾಟಕ ಸರಕಾರ ಪ್ರಾಚ್ಯವಸ್ತು ಸಂಗ್ರಹಾಲಯಗಳು ಮತ್ತು ಪರಂಪರೆ ಇಲಾಖೆ |
||
| 245 |
_aParampare malike: gulabarga _bಪರಂಪರೆ ಮಾಲಿಕೆ : ಗುಲ್ಬರ್ಗ |
||
| 260 |
_aBengaluru _bGovernment of Karnataka _c2009 |
||
| 300 | _a60 | ||
| 440 |
_aParampare mAlike _9141850 |
||
| 650 |
_aGeography _9141851 |
||
| 650 |
_aGeography of India _9141852 |
||
| 700 |
_aGAYATRI (G V); VENKATESH MACHAKANUR _9141853 _d ಗಾಯತ್ರಿ (ಜಿವಿ); ವೆಂಕಟೇಶ ಮಾಚಕನೂರ |
||
| 906 | _agulabargA ; mAlike: ; Parampare | ||
| 942 |
_2ddc _cBK |
||
| 999 |
_c215236 _d215236 |
||